Nitrogen and crop production /

Bibliographic Details
Main Author: Box, John
Format: Government Document Book
Language:English
Published: College Station : Texas Agricultural Extension Service, Texas A&M University System, [1974]
Subjects:

MARC

Tag First Indicator Second Indicator Subfields
LEADER 00000cam a2200000Ma 4500
001 in00002488521
005 20151110132839.0
008 920625s1974 txua 000 0 eng d
035 |a (OCoLC)ocm77287813 
035 |a (OCoLC)77287813 
040 |a LVB  |b fre  |c LVB  |d TXA  |d UtOrBLW 
049 |a TXAM 
055 4 |a S 651 B788 1974 
086 |a Z TA245.7 M681 no.737  |2 txdocs 
100 1 |a Box, John. 
245 1 0 |a Nitrogen and crop production /  |c John Box. 
264 1 |a College Station :  |b Texas Agricultural Extension Service, Texas A&M University System,  |c [1974] 
300 |a 23 pages :  |b illustrations 
336 |a text  |b txt  |2 rdacontent 
337 |a unmediated  |b n  |2 rdamedia 
338 |a volume  |b nc  |2 rdacarrier 
650 6 |a Engrais azotés. 
650 6 |a Sols  |x Teneur en azote. 
650 6 |a Plantes, Effets de l'azote sur les. 
994 |a C0  |b TXA 
948 |a cataloged  |b h  |c 2009/06/17  |e rzeske  |f 10:34:27 am 
999 |a MARS 
999 f f |s c8f2ac04-855c-3fb4-8af4-95ff7dab0fef  |i 1fce4757-d1ad-36b1-879b-b93c9fb0460d  |t 0 
952 f f |p normal  |a Texas A&M University  |b College Station  |c Sterling C. Evans Library  |d Evans: Texas Documents (Annex 5th floor)  |t 0  |e Z TA245.7 M681 NO.721-740  |h Superintendent of Documents classification  |i unmediated -- volume  |k no.721-740  |m A14816097208 
952 f f |a Texas A&M University  |b College Station  |c Sterling C. Evans Library  |d Evans: Texas Documents (Annex 5th floor)  |t 0  |e Z TA245.7 M681 NO.721-740  |h Superintendent of Documents classification 
998 f f |a Z TA245.7 M681 NO.721-740  |s no.721-729,731-738  |t 0  |l Evans: Texas Documents (Annex 5th floor)